000 00255nam a22000857a 4500
008 160716b xxu||||| |||| 00| 0 eng d
100 _92959
_a Britannica
245 _aBritannica Ready Reference Encyclopedia
260 _aNew Delhi
_bEncyclopedia Brittanicca
_c2005
999 _c2523
_d2523